| Поле | Название | Значение |
| |
Тип записи |
c |
| |
Библиографический уровень |
m |
| 001 |
Контрольный номер |
UONB/MAIN/92aa3d30cbf94d68abcb254df9454516 |
| 005 |
Дата корректировки |
20250418105022.2 |
| 010 |
Индекс ISBN |
__ |
| 9 |
Тираж |
10000 экз. |
| 013 |
Номер (ISMN) |
__ |
| d |
Цена |
72 к. |
| 071 |
Издательские номер (звукозапись и ноты) |
21 |
| a |
Номер, присвоенный агентством |
8272 |
| 100 |
Данные общей обработки |
__ |
| a |
Данные общей обработки |
20250417d1974 u y0rusy0189 ca |
| 101 |
Язык документа |
0_ |
| a |
Язык текста |
rus |
| c |
Язык оригинала |
rus |
| f |
Язык титульного листа |
rus |
| 102 |
Страна публикации |
__ |
| a |
Страна публикации |
RU |
| 125 |
Кодированные данные звукозаписи и нотных изданий |
__ |
| a |
Форма изложения нотного текста |
с| |
| 128 |
Кодированные данные (звукозаписи-физические характеристики) |
__ |
| a |
Кодированные данные: Музыкальная форма и тональность или лад |
sg |
| b |
Инструменты или голоса, необходимые для ансамблей (устаревшее) |
vu|| |
| c |
Инструменты или голоса, рекомендуемые для солистов (устаревшее) |
vu|| |
| 200 |
Заглавие и сведения об ответственности |
1_ |
| a |
Заглавие |
Светлая песня (Песни любви) |
| e |
Сведения, относящиеся к заглавию |
песни-романсы для голоса, дуэта в сопровождении фортепиано |
| f |
Первые сведения об ответственности |
В. Соловьёв-Седой |
| g |
Последующие сведения об ответственности |
слова Г. Горбовского |
| 203 |
Вид содержания и тип средства |
__ |
| a |
Вид содержания |
Музыка |
| b |
Характеристика содержания |
знаковая |
| c |
Тип средства |
непосредственная |
| 210 |
Выходные данные |
1_ |
| a |
Место издания |
Москва |
| c |
Издательство |
Музыка |
| d |
Дата издания |
1974 |
| 215 |
Физическое описание |
__ |
| a |
Объем |
55 с. |
| d |
Формат |
29 см |
| 327 |
Примечание о содержании |
11 |
| a |
Примечание о содержании |
Содерж.: Попутная ; Эх, луна... ; Рыжая весна ; Приходи, любовь ; Осенняя песня ; Кто она? ; Не горюй ; Песня о тебе ; Светлая песня ; Глоточек песни ; Песня о звездах ; О России. |
| 464 |
Аналитический уровень |
_0 |
| 1 |
|
036 |
| t |
|
Еду, еду я... |
| 1 |
|
2001 |
| a |
|
Попутная |
| 464 |
Аналитический уровень |
_0 |
| 1 |
|
2001 |
| a |
|
Эх, луна... |
| 464 |
Аналитический уровень |
_0 |
| 1 |
|
2001 |
| a |
|
Рыжая весна |
| 464 |
Аналитический уровень |
_0 |
| 1 |
|
036 |
| t |
|
Стало зябко в нашем доме... |
| 1 |
|
2001 |
| a |
|
Приходи, любовь |
| 464 |
Аналитический уровень |
_0 |
| 1 |
|
036 |
| t |
|
Вот и встретились снова... |
| 1 |
|
2001 |
| a |
|
Осенняя песня |
| 464 |
Аналитический уровень |
_0 |
| 1 |
|
036 |
| t |
|
Шорох она или грохот?.. |
| 1 |
|
2001 |
| a |
|
Кто она? |
| 464 |
Аналитический уровень |
_0 |
| 1 |
|
036 |
| t |
|
Не горюй, печаль расстает... |
| 1 |
|
2001 |
| a |
|
Не горюй |
| 464 |
Аналитический уровень |
_0 |
| 1 |
|
036 |
| t |
|
Когда, очнувшись от разлуки... |
| 1 |
|
2001 |
| a |
|
Песня о тебе |
| 464 |
Аналитический уровень |
_0 |
| 1 |
|
036 |
| t |
|
Тысячи, тысячи, тысячи лет... |
| 1 |
|
2001 |
| a |
|
Светлая песня |
| 464 |
Аналитический уровень |
_0 |
| 1 |
|
036 |
| t |
|
Сейчас любовь моя проснется... |
| 1 |
|
2001 |
| a |
|
Глоточек песни |
| 464 |
Аналитический уровень |
_0 |
| 1 |
|
036 |
| t |
|
Там, где я попросту не был... |
| 1 |
|
2001 |
| a |
|
Песня о звездах |
| 464 |
Аналитический уровень |
_0 |
| 1 |
|
036 |
| t |
|
Белый пар над долиной... |
| 1 |
|
2001 |
| a |
|
О России |
| 517 |
Другие варианты заглавия |
1_ |
| a |
Другие варианты заглавия |
Песни любви |
| 606 |
Тематические рубрики |
0_ |
| a |
Основная рубрика |
Песни советских композиторов |
| 610 |
Ключевые слова |
0_ |
| a |
Ключевые слова |
сольное пение; песни советских композиторов; вокальные ансамбли; вокальные дуэты |
| 686 |
Индексы других классификаций |
__ |
| a |
Классификационный индекс |
85.94-42(2)я44 |
| 2 |
Код системы |
rubbk |
| 700 |
Автор |
_1 |
| a |
Фамилия |
Соловьёв-Седой |
| b |
Имя (инициалы) |
В. П. |
| g |
Полное личное имя |
Василий Павлович |
| f |
Даты |
1907-1979 |
| 702 |
Вторичная интеллектуальная ответственность |
_1 |
| a |
Фамилия |
Горбовский |
| b |
Имя (инициалы) |
Г. Я. |
| g |
Полное личное имя |
Глеб Яковлевич |
| 4 |
Код отношения |
520 |
| 790 |
Имя лица - альтернативная форма |
_1 |
| a |
Имя лица - альтернативная форма |
Соловьев-Седой |
| b |
Имя (инициалы) |
В. П. |
| g |
Полное личное имя |
Василий Павлович |
| 801 |
Источник записи |
_0 |
| a |
Страна |
RU |
| b |
Организация |
Ульяновская ОНБ |
| c |
Дата составления |
20250417 |
| g |
Правила каталогизации |
RCR |
| 801 |
Источник записи |
_1 |
| a |
Страна |
RU |
| b |
Организация |
Ульяновская ОНБ |
| c |
Дата составления |
20250417 |
| 901 |
Тип документа |
__ |
| t |
Тип документа |
m |
| 909 |
Создатель записи |
__ |
| a |
Создатель записи |
Никитина Т. А. |
| b |
Дата создания записи |
20250417 |